It's about time, Max! / (Record no. 5885)

MARC details
000 -LEADER
fixed length control field 00990nam a22003017a 4500
001 - CONTROL NUMBER
control field 5885
003 - CONTROL NUMBER IDENTIFIER
control field FISKH
005 - DATE AND TIME OF LATEST TRANSACTION
control field 20250130104454.0
008 - FIXED-LENGTH DATA ELEMENTS--GENERAL INFORMATION
fixed length control field 250130b cb ||||| |||| 00| 0 eng d
020 ## - INTERNATIONAL STANDARD BOOK NUMBER
International Standard Book Number 9781575650883
040 ## - CATALOGING SOURCE
Original cataloging agency FISKH
Language of cataloging eng
Transcribing agency FISKH
Modifying agency FISKH
050 ## - LIBRARY OF CONGRESS CALL NUMBER
Classification number PZ7.R387 I
082 ## - DEWEY DECIMAL CLASSIFICATION NUMBER
Classification number 468.6
100 ## - MAIN ENTRY--PERSONAL NAME
Personal name Richards, Kitty
Dates associated with a name (1861-)
245 ## - TITLE STATEMENT
Title It's about time, Max! /
Statement of responsibility, etc. by Kitty Richards Illustrated by Gioia Fiammenghi
250 ## - EDITION STATEMENT
Edition statement This edition published in 2000
260 ## - PUBLICATION, DISTRIBUTION, ETC.
Place of publication, distribution, etc. Gioia :
Name of publisher, distributor, etc. The Kane Press,
Date of publication, distribution, etc. 2000.
300 ## - PHYSICAL DESCRIPTION
Extent 32 pages :
Other physical details color illustrations ;
Dimensions 23 cm
505 ## - FORMATTED CONTENTS NOTE
Formatted contents note L<br/>
520 ## - SUMMARY, ETC.
Summary, etc. When Max misplaces his digital watch, he replaces it with an analog watch that he does not know how to read and finds himself late for everything.
521 8# - TARGET AUDIENCE NOTE
Target audience note 520<br/>
Source Lexile<br/>
521 8# - TARGET AUDIENCE NOTE
Target audience note L<br/>
Source Raz-Plus<br/>
650 ## - SUBJECT ADDED ENTRY--TOPICAL TERM
Source of heading or term Living math
Topical term or geographic name entry element Time
650 ## - SUBJECT ADDED ENTRY--TOPICAL TERM
Source of heading or term Homeschool
Topical term or geographic name entry element Curriculum
700 ## - ADDED ENTRY--PERSONAL NAME
Personal name Fiammenghi, Gioia
Dates associated with a name illustrator
942 ## - ADDED ENTRY ELEMENTS (KOHA)
Source of classification or shelving scheme Dewey Decimal Classification
Koha item type Books
Suppress in OPAC No
Holdings
Withdrawn status Lost status Source of classification or shelving scheme Damaged status Not for loan Collection Home library Current library Shelving location Date acquired Total Checkouts Full call number Barcode Date last seen Date last checked out Copy number Price effective from Koha item type
    Dewey Decimal Classification     Juvenile Fiction Footprints International School Library Network Toul Kork Campus Footprints International School Library Network Toul Kork Campus TK Primary Library Room(4th Floor), Bookcase 3&4, Shelves 17-32, Yellow Books 01/30/2025 1 RIC 468.6 PZ7.R387 I FISTK01722 04/03/2026 01/30/2026 1 01/30/2025 Books